Najpopularniejsze gry na Steam - Statystyki

Ogólne statystyki
  • Ten quiz został rozwiązany 1 743 razy
  • Średni wynik to 4 z 20
Statystyki odpowiedzi
Kategoria Gra % Poprawnych
FPS Counter-Strike: Global Offensive
89%
Battle Royale PLAYERUNKNOWN'S BATTLEGROUNDS
63%
MOBA Dota 2
49%
Akcja Grand Theft Auto V
39%
Survival ARK: Survival Evolved
22%
Survival Rust
22%
Symulator Euro Truck Simulator 2
18%
FPS Team Fortress 2
17%
Strategia Hearts of Iron IV
12%
Sportowa Rocket League
12%
Survial Horror Dead by Daylight
10%
FPS Garry's Mod
8%
FPS Tom Clancy's Rainbow Six Siege
8%
Looter Shooter Destiny 2
7%
Looter Shooter Warframe
5%
Strategia Sid Meier's Civilization VI
4%
MMORPG Black Desert Online
3%
Sportowa Football Manager 2020
2%
RPG MONSTER HUNTER: WORLD
1%
Strategia Rimworld
1%
Nie znaleziono quizów pasujących do podanych kryteriów
Rozkład punktacji
Procent ludzi z każdym wynikiem
Percentyl według liczby udzielonych odpowiedzi
Twoja historia wyników
Nie rozwiązałeś tego quizu